Soziologie der Hinterhältigkeit

Saved in:  
Bibliographic Details
Corporate Author: Juventa Verlag. Verlag
Contributors: Imbusch, Peter 1960- (Editor)
Format: Print Book
Language:German
Published: Weinheim Basel Beltz Juventa 2021
In:Year: 2021
Edition:1. Auflage
Online Access: Inhaltstext (Publisher)
Table of Contents
Table of Contents
Availability in Tübingen:Present in Tübingen.
IFK: O II 652
Check availability: HBZ Gateway
Subito Delivery Service: Order now.
Volumes / Articles:Show volumes/articles.
Keywords:

MARC

LEADER 00000cam a2200000 c 4500
001 1755648391
003 DE-627
005 20260206203430.0
007 tu
008 210421s2021 gw ||||| 00| ||ger c
010 |a  2022450725 
015 |a 21,N16  |2 dnb 
015 |a 21,N16  |2 dnb 
016 7 |a 1231245565  |2 DE-101 
020 |a 9783779965480  |c Broschur : EUR 29.95 (DE), EUR 30.80 (AT)  |9 978-3-7799-6548-0 
020 |a 3779965488  |9 3-7799-6548-8 
024 3 |a 9783779965480 
028 5 2 |a 446548 
035 |a (DE-627)1755648391 
035 |a (DE-603)479381178 
035 |a (DE-599)DNB1231245565 
035 |a (OCoLC)1269390920 
035 |a (OCoLC)1269390920 
040 |a DE-627  |b ger  |c DE-627  |e rda 
041 |a ger 
044 |c XA-DE-BW  |c XA-CH-BS 
050 0 |a MLCM 2025/40684 (H) 
082 0 |a 302  |q DE-101 
082 0 4 |a 300  |q DE-101 
084 |a 2,1  |2 ssgn 
084 |a KRIM  |q DE-21  |2 fid 
084 |a MR 7200  |2 rvk  |0 (DE-625)rvk/123540: 
084 |a MS 9400  |2 rvk  |0 (DE-625)rvk/123835: 
084 |a AP 15620  |q DE-14/sred  |2 rvk  |0 (DE-625)rvk/6932: 
084 |a MS 1090  |2 rvk  |0 (DE-625)rvk/123549: 
084 |a MR 6600  |2 rvk  |0 (DE-625)rvk/123534: 
084 |a MR 5700  |2 rvk  |0 (DE-625)rvk/123522: 
084 |a 71.44  |2 bkl 
084 |a 71.99  |2 bkl 
084 |a 71.64  |2 bkl 
245 0 0 |a Soziologie der Hinterhältigkeit  |c Peter Imbusch (Hrsg.) 
250 |a 1. Auflage 
264 1 |a Weinheim  |a Basel  |b Beltz Juventa  |c 2021 
300 |a 364 Seiten  |c 23 cm x 15 cm 
336 |a Text  |b txt  |2 rdacontent 
337 |a ohne Hilfsmittel zu benutzen  |b n  |2 rdamedia 
338 |a Band  |b nc  |2 rdacarrier 
500 |a Literaturangaben 
650 0 |a Social Ethics  |2 DLC 
650 0 |a Interpersonal Relations  |x Moral and ethical aspects  |2 DLC 
650 0 7 |0 (DE-588)4027266-7  |0 (DE-627)106285335  |0 (DE-576)208970134  |a Interaktion  |2 gnd 
650 0 7 |0 (DE-588)4125622-0  |0 (DE-627)104325186  |0 (DE-576)209578122  |a Täuschung  |2 gnd 
650 0 7 |0 (DE-588)4316888-7  |0 (DE-627)126722854  |0 (DE-576)21118747X  |a Provokation  |2 gnd 
650 0 7 |0 (DE-588)4036824-5  |0 (DE-627)104637269  |0 (DE-576)209020679  |a Macht  |2 gnd 
650 0 7 |0 (DE-588)4055903-8  |0 (DE-627)106156454  |0 (DE-576)209115866  |a Sozialverhalten  |2 gnd 
650 0 7 |0 (DE-588)4036510-4  |0 (DE-627)106242032  |0 (DE-576)209019034  |a Lüge  |2 gnd 
650 0 7 |0 (DE-588)4126402-2  |0 (DE-627)105732680  |0 (DE-576)209584785  |a Intrige  |2 gnd 
650 0 7 |0 (DE-588)7710485-7  |0 (DE-627)632477008  |0 (DE-576)326728392  |a Hinterhalt  |2 gnd 
650 0 7 |0 (DE-588)4405481-6  |0 (DE-627)194971120  |0 (DE-576)212105809  |a Unaufrichtigkeit  |2 gnd 
650 0 7 |0 (DE-588)4142989-8  |0 (DE-627)105608904  |0 (DE-576)209723017  |a Arglist  |2 gnd 
650 0 7 |0 (DE-588)4129190-6  |0 (DE-627)105711721  |0 (DE-576)209608471  |a Heimtücke  |2 gnd 
650 0 7 |0 (DE-588)4077624-4  |0 (DE-627)104152036  |0 (DE-576)209205849  |a Soziologie  |2 gnd 
650 4 |a Sozialer Tatbestand 
650 4 |a Gesellschaft 
650 4 |a Handlungstheorie 
650 4 |a Interaktionstheorie 
655 7 |a Aufsatzsammlung  |0 (DE-588)4143413-4  |0 (DE-627)105605727  |0 (DE-576)209726091  |2 gnd-content 
689 0 0 |d s  |0 (DE-588)4055903-8  |0 (DE-627)106156454  |0 (DE-576)209115866  |a Sozialverhalten  |2 gnd 
689 0 1 |d s  |0 (DE-588)4036510-4  |0 (DE-627)106242032  |0 (DE-576)209019034  |a Lüge  |2 gnd 
689 0 2 |d s  |0 (DE-588)4126402-2  |0 (DE-627)105732680  |0 (DE-576)209584785  |a Intrige  |2 gnd 
689 0 3 |d s  |0 (DE-588)4125622-0  |0 (DE-627)104325186  |0 (DE-576)209578122  |a Täuschung  |2 gnd 
689 0 |5 DE-101 
700 1 |a Imbusch, Peter  |d 1960-  |e HerausgeberIn  |0 (DE-588)120031647  |0 (DE-627)080397492  |0 (DE-576)166568066  |4 edt 
710 2 |a Juventa Verlag  |e Verlag  |0 (DE-588)1065433034  |0 (DE-627)816130973  |0 (DE-576)425147118  |4 pbl 
776 1 |z 9783779965497  |c (PDF) 
856 4 2 |u https://swbplus.bsz-bw.de/bsz1755648391inh.htm  |m V:DE-576;B:DE-Frei85  |q application/pdf  |v 20210927193226  |3 Inhaltsverzeichnis  |7 1 
856 4 2 |u http://deposit.dnb.de/cgi-bin/dokserv?id=013cc91481194952a518171584990236&prov=M&dok_var=1&dok_ext=htm  |m X:MVB  |q text/html  |v 2021-04-21  |x Verlag  |3 Inhaltstext  |7 1 
856 4 2 |u https://d-nb.info/1231245565/04  |m B:DE-101  |q application/pdf  |3 Inhaltsverzeichnis  |7 1 
935 |a mkri 
936 r v |a MR 7200  |b Werte und Wertsystem, Symbol und Moral  |k Soziologie  |k Sozialwissenschaftliche Theorien und Methoden  |k Kulturelle Ansätze  |k Werte und Wertsystem, Symbol und Moral  |0 (DE-627)1271143372  |0 (DE-625)rvk/123540:  |0 (DE-576)201143372 
936 r v |a MS 9400  |b Übergreifende Werke der vergleichenden Sozial- bzw. Kultur-Anthropologie  |k Soziologie  |k Spezielle Soziologien  |k Sozial- bzw. Kultur-Anthropologie  |k Übergreifende Werke der vergleichenden Sozial- bzw. Kultur-Anthropologie  |0 (DE-627)1271441969  |0 (DE-625)rvk/123835:  |0 (DE-576)201441969 
936 r v |a AP 15620  |b Gerücht, Witz  |k Allgemeines  |k Medien- und Kommunikationswissenschaften, Medienkulturwissenschaft, Kommunikationsdesign  |k Formen der Kommunikation und des Kommunikationsdesigns  |k Akustische Formen (Rhetorik, Mundpublizistik)  |k Gerücht, Witz  |0 (DE-627)127068468X  |0 (DE-625)rvk/6932:  |0 (DE-576)20068468X 
936 r v |a MS 1090  |b Allgemeine Darstellungen  |k Soziologie  |k Spezielle Soziologien  |k Gesamtgesellschaften  |k Allgemeine Darstellungen  |0 (DE-627)1271440121  |0 (DE-625)rvk/123549:  |0 (DE-576)201440121 
936 r v |a MR 6600  |b Theorie der sozialen Interaktion, Kommunikation, Konformität  |k Soziologie  |k Sozialwissenschaftliche Theorien und Methoden  |k Psychologische Ansätze  |k Theorie der sozialen Interaktion, Kommunikation, Konformität  |0 (DE-627)1271294419  |0 (DE-625)rvk/123534:  |0 (DE-576)201294419 
936 r v |a MR 5700  |b Theorien des abweichenden Verhaltens  |k Soziologie  |k Sozialwissenschaftliche Theorien und Methoden  |k Jüngere soziologische Theorie  |k Theorien des abweichenden Verhaltens  |0 (DE-627)1271428180  |0 (DE-625)rvk/123522:  |0 (DE-576)201428180 
936 b k |a 71.44  |j Gruppenprozesse  |x Soziologie  |0 (DE-627)106412590 
936 b k |a 71.99  |j Soziologie: Sonstiges  |0 (DE-627)106423452 
936 b k |a 71.64  |j Abweichendes Verhalten  |0 (DE-627)106416146 
936 s n |a m200  |2 mzub 
936 s n |a a300  |2 mzub 
951 |a BO 
ELC |b 1 
LOK |0 000 xxxxxcx a22 zn 4500 
LOK |0 001 4097807986 
LOK |0 003 DE-627 
LOK |0 004 1755648391 
LOK |0 005 20220531143410 
LOK |0 008 220323||||||||||||||||ger||||||| 
LOK |0 040   |a DE-21-110  |c DE-627  |d DE-21-110 
LOK |0 852   |a DE-21-110 
LOK |0 852 1  |c O II 652  |m p  |9 00 
LOK |0 935   |a i110 
LOK |0 938   |k p 
LOK |0 939   |a 23-03-22  |b l01 
LOK |0 000 xxxxxcx a22 zn 4500 
LOK |0 001 3917705591 
LOK |0 003 DE-627 
LOK |0 004 1755648391 
LOK |0 005 20210921144222 
LOK |0 008 210426||||||||||||||||ger||||||| 
LOK |0 040   |a DE-Frei85  |c DE-627  |d DE-Frei85 
LOK |0 852   |a DE-Frei85 
LOK |0 852 1  |m p  |9 00 
LOK |0 938   |k p 
LOK |0 939   |a 26-04-21  |b l01 
ORI |a SA-MARC-krimdoka001.raw 
SIG |a IFK: O II 652 
SPR |a 1  |t KRI